Neokonchennai︠a︡ povestʹ /

Bibliographic Details
Main Author: Lācis, Mārtin̦š, 1888-1938
Format: Book
Language:Russian
Published: Moskva : Sovetskiĭ pisatelʹ, 1965.

MARC

Tag First Indicator Second Indicator Subfields
LEADER 00000cam a2200000K 4500
001 in00002003190
005 20151031142933.0
008 920914s1965 ru a 000 0 rus d
035 |a (OCoLC)ocm26593064 
040 |a STF  |c STF  |d TXA  |d UtOrBLW 
041 1 |a rus  |h lav 
049 |a TXAM 
090 |a PG9048.L37  |b N4 1965 
100 1 |a Lācis, Mārtin̦š,  |d 1888-1938. 
245 1 0 |a Neokonchennai︠a︡ povestʹ /  |c Perevod s latyshskogo Milit︠s︡y Lat︠s︡is. 
264 1 |a Moskva :  |b Sovetskiĭ pisatelʹ,  |c 1965. 
300 |a 234 pages :  |b illustrations ;  |c 17 cm. 
336 |a text  |b txt  |2 rdacontent 
337 |a unmediated  |b n  |2 rdamedia 
338 |a volume  |b nc  |2 rdacarrier 
500 |a At head of title: M. Lat︠s︡is. 
948 |a cataloged  |b h  |c 2004/11/19  |d c  |e tchubaryan  |f 9:36:58 am 
994 |a E0  |b TXA 
999 |a MARS 
999 f f |s f960ddfc-32fd-3b21-b6de-eab8b9c2c206  |i 728d1d33-d6f4-3bd3-ad36-6a98d0ac5d83  |t 0 
952 f f |p ric  |a Texas A&M University  |b Rellis Campus  |c Joint Library Facility  |d Remote Storage  |t 0  |e PG9048.L37 N4 1965  |h Library of Congress classification  |i unmediated -- volume  |m A14831632421 
998 f f |a PG9048.L37 N4 1965  |t 0  |l Remote Storage